Miestne dane v otázkach a odpovediach

Alikácia vybraných ustanovení procesného zákona, ktorých aplikácia v praxi spôsobuje obciam problémy.

Saved in:
Bibliographic Details
Main Author: Skalová, Katarína
Format: Book Chapter
Subjects:
Tags: Add Tag
No Tags, Be the first to tag this record!

MARC

LEADER 00000naa a2200000 4500
001 0200756
005 20231204112419.7
044 |a SK 
245 1 0 |a Miestne dane v otázkach a odpovediach  |c Katarína Skalová 
520 |a Alikácia vybraných ustanovení procesného zákona, ktorých aplikácia v praxi spôsobuje obciam problémy. 
610 2 0 |a dane miestne 
610 2 0 |a obce 
610 2 0 |a poriadok daňový 
100 1 |a Skalová, Katarína